Mangiare Dio : (Record n. 359510)
[ formato base ]
| 000 -LEADER | |
|---|---|
| fixed length control field | 02167cam a2200349 i 4500 |
| 001 - CONTROL NUMBER | |
| control field | 22524218 |
| 003 - CONTROL NUMBER IDENTIFIER | |
| control field | IT-Cin |
| 005 - DATE AND TIME OF LATEST TRANSACTION | |
| control field | 20221008155741.0 |
| 008 - FIXED-LENGTH DATA ELEMENTS--GENERAL INFORMATION | |
| fixed length control field | 210709s2021 it b 001 0 ita d |
| 010 ## - LIBRARY OF CONGRESS CONTROL NUMBER | |
| LC control number | 2020494482 |
| 020 ## - INTERNATIONAL STANDARD BOOK NUMBER | |
| International Standard Book Number | 9788806252205 : |
| Terms of availability | 28.00 EUR |
| 035 ## - SYSTEM CONTROL NUMBER | |
| System control number | (ItFiC)4936793 |
| 035 ## - SYSTEM CONTROL NUMBER | |
| System control number | (OCoLC)1285959151 |
| 040 ## - CATALOGING SOURCE | |
| Original cataloging agency | ItFiC |
| Description conventions | rda |
| Transcribing agency | ItFiC |
| Modifying agency | DLC |
| 042 ## - AUTHENTICATION CODE | |
| Authentication code | lccopycat |
| 082 ## - DEWEY DECIMAL CLASSIFICATION NUMBER | |
| Classification number | 265.309-ALK ma (axa 23324) |
| 100 1# - MAIN ENTRY--PERSONAL NAME | |
| Personal name | Al Kalak, Matteo, |
| Relator term | autore / professore di storia moderna e storia del cristianesimo |
| 9 (RLIN) | 59219 |
| Dates associated with a name | 1979- |
| 245 10 - TITLE STATEMENT | |
| Title | Mangiare Dio : |
| Remainder of title | una storia dell'eucarestia / |
| Statement of responsibility, etc. | Matteo Al Kalak. |
| 264 #1 - | |
| Place of production, publication, distribution, manufacture | Torino : |
| Name of producer, publisher, distributor, manufacturer | Einaudi, |
| Date of production, publication, distribution, manufacture, or copyright notice | 2021 |
| 300 ## - PHYSICAL DESCRIPTION | |
| Extent | xvii, 251 pages ; |
| Dimensions | 24 cm. |
| 336 ## - | |
| Content type term | text |
| Content type code | txt |
| Source | rdacontent |
| 337 ## - | |
| Media type term | unmediated |
| Media type code | n |
| Source | rdamedia |
| 338 ## - | |
| Carrier type term | volume |
| Carrier type code | nc |
| Source | rdacarrier |
| 490 0# - SERIES STATEMENT | |
| Series statement | Einaudi storia ; |
| Volume/sequential designation | 96 |
| 504 ## - BIBLIOGRAPHY, ETC. NOTE | |
| Bibliography, etc | Include bibliografia e indice dei nomi. |
| 520 ## - SUMMARY, ETC. | |
| Summary, etc. | Il legame tra il pane dell’eucarestia e la sostanza del corpo di Cristo è un connotato distintivo del mondo cristiano. Per quanto ai culti antichi non fosse estraneo il sacrificio della divinità e i pasti rituali fossero un uso comune, l’eucarestia conserva elementi di radicale irriducibilità ad altri sistemi cultuali e dottrinali. I cristiani furono investiti pressoché subito da accuse di cannibalismo, che si saldarono con imputazioni di infanticidio, incesto e altre immoralità che avevano nella carne il loro denominatore comune. La pratica di “mangiare Dio” scandalizzò molti pagani e continuò a costituire una pietra d’inciampo lungo i due millenni di vita della Chiesa. Messa in discussione da teologi e pensatori medievali, contestata ai tempi della Riforma protestante, l’eucarestia resta un sacramento controverso, difficile da comprendere e, allo stesso tempo, essenziale. |
| 650 #0 - SUBJECT ADDED ENTRY--TOPICAL TERM | |
| Topical term or geographic name as entry element | Eucaristia. Cena del Signore |
| General subdivision | Storia. |
| 9 (RLIN) | 59220 |
| 856 41 - ELECTRONIC LOCATION AND ACCESS | |
| Materials specified | Table of contents only |
| Uniform Resource Identifier | <a href="https://www.loc.gov/catdir/toc/cassalini18/4936793.pdf">https://www.loc.gov/catdir/toc/cassalini18/4936793.pdf</a> |
| 906 ## - LOCAL DATA ELEMENT F, LDF (RLIN) | |
| a | 7 |
| b | cbc |
| c | copycat |
| d | 3 |
| e | ncip |
| f | 20 |
| g | y-gencatlg |
| 942 ## - ADDED ENTRY ELEMENTS (KOHA) | |
| Source of classification or shelving scheme | Dewey Decimal Classification |
| Koha item type | LIBRO |
| Withdrawn status | Lost status | Source of classification or shelving scheme | Damaged status | Not for loan | Home library | Current library | Date acquired | Total Checkouts | Full call number | Barcode | Date last seen | Price effective from | Koha item type |
|---|---|---|---|---|---|---|---|---|---|---|---|---|---|
| Dewey Decimal Classification | Buone Condizioni | Not For Loan | CINISELLO | CINISELLO | 24/09/2022 | 265.309-ALK ma (axa 23324) | 9788806252205 | 24/09/2022 | 24/09/2022 | LIBRO |